000 00678nam a2200205 u 4500
005 20240228064202.0
008 150126s2000 r 000 0 eng d
020 _a8426131697
035 _aUPN01000201460
049 _aI
050 4 _aPZ10.3
_bB8.2
100 1 _aBunting, Eve,
_d1928-
_936743
245 1 0 _aAbuelo tejón, ¿tú sabes hecerlo? /
_cEve Brunting ; il. de Le Uyen Pham ; tr. de Chistriane Reyes.
260 _aBarcelon, Esp. :
_bJuventud,
_c2000.
300 _a[40] p. :
_bil.
534 _pTítulo original :
_tCan You Do This, old badger?
650 0 _aAnimales
_vCuentos y leyendas
_9234
650 4 _aLibros y lectura para niños
_92290
905 _aInfantil
999 _c173561
_d173561